000 00433nam a2200181Ia 4500
001 8561
005 20260306160618.0
008 260306t1994||||xx |||||||||||||| ||spa||
041 _aESP
082 _a371.11
_bS26
100 _aSara Lafosse, Violeta
_eAUT
245 0 _a¿Formando maestros discriminadores?
260 _c1994
300 _a158 páginas :
_c21 cm.
650 _aGEN
654 _aCED
942 _cLIB
_dJUS
_fJUS
_2ddc
_n
999 _c8561
_d8561